000 00476nam a2200193Ia 4500
005 20250423100156.0
008 250422s9999 xx 000 0 und d
020 _a9781451105353
050 _aRC 58 .M48/
100 _aBergin James D.
245 0 _aMedicine recall
250 _a4th ed.
260 _aPhiladelphia
260 _bLippincott Williams & Wilkins
260 _c2011
300 _a809 p
650 _a Medicine--examination questions.
942 _cBK
999 _c32505
_d32505